[Event "2nd Gujarat Open 2019"]
[Site "Ahmedabad, Gujarat"]
[Date "2019.09.29"]
[Round "10.5"]
[White "Rahman, Ziaur"]
[Black "Karthikeyan, P.."]
[Result "0-1"]
[WhiteElo "2492"]
[BlackElo "2408"]
[Annotator "ChessBase"]
[PlyCount "136"]
[EventDate "2019.09.22"]
[EventType "swiss"]
[EventCountry "IND"]
[SourceTitle "playchess.com"]
[Source "ChessBase"]
[SourceQuality "1"]
[TimeControl "5400+30"]

1. d4 {[%emt 0:00:00]} Nf6 {[%emt 0:01:57]} 2. Bg5 {[%emt 0:00:00]} e6 {[%emt 0:00:41]} 3. Nd2 {[%emt 0:01:01]} h6 {[%emt 0:01:52]} 4. Bh4 {[%emt 0:00:16]} c5 {[%emt 0:00:07]} 5. c3 {[%emt 0:03:45]} Nc6 {[%emt 0:01:52]} 6. e3 {[%emt 0:01:16]} d5 {[%emt 0:00:15]} 7. Ngf3 {[%emt 0:02:15]} g5 {[%emt 0:01:05]} 8. Bg3 {[%emt 0:00:20]} Nh5 {[%emt 0:00:10]} 9. Qc2 {[%emt 0:08:49]} Nxg3 {[%emt 0:01:24]} 10. hxg3 {[%emt 0:02:15]} g4 {[%emt 0:00:06]} 11. Ng1 {[%emt 0:05:40]} cxd4 {[%emt 0:02:37]} 12. exd4 {[%emt 0:02:35]} Qg5 {[%emt 0:00:40]} 13. Bb5 {[%emt 0:02:05]} Bd7 {[%emt 0:00:31]} 14. Ne2 {[%emt 0:00:23]} Bd6 {[%emt 0:00:49]} 15. Nb3 {[%emt 0:08:32]} O-O-O {[%emt 0:03:44]} 16. Qd2 {[%emt 0:04:28]} a6 {[%emt 0:03:52]} 17. Bd3 {[%emt 0:03:12]} e5 {[%emt 0:00:28]} 18. dxe5 {[%emt 0:04:45]} Nxe5 {[%emt 0:02:16]} 19. Nbd4 {[%emt 0:00:45]} Nxd3+ {[%emt 0:03:31]} 20. Qxd3 {[%emt 0:00:05]} h5 {[%emt 0:00:59]} 21. Qd2 {[%emt 0:00:50]} Qf6 {[%emt 0:01:07]} 22. Nf4 {[%emt 0:08:41]} Rde8+ {[%emt 0:04:23]} 23. Kd1 {[%emt 0:00:06]} Bc5 {[%emt 0:06:50]} 24. Kc2 {[%emt 0:03:18]} Bf5+ {[%emt 0:01:02]} 25. Nxf5 {[%emt 0:00:56]} Qxf5+ {[%emt 0:00:32]} 26. Kb3 {[%emt 0:01:44]} Qe4 {[%emt 0:04:39]} 27. Qxd5 {[%emt 0:05:05]} Qxd5+ {[%emt 0:01:10]} 28. Nxd5 {[%emt 0:00:02]} Bxf2 {[%emt 0:09:05]} 29. Raf1 {[%emt 0:01:56]} Re2 {[%emt 0:03:26]} 30. a4 {[%emt 0:05:15]} Rd2 {[%emt 0:03:19]} 31. c4 {[%emt 0:03:47]} Re8 {[%emt 0:02:01]} 32. Rxh5 {[%emt 0:01:05]} Ree2 {[%emt 0:01:31]} 33. Rb1 {[%emt 0:01:10]} Bxg3 {[%emt 0:02:24]} 34. c5 {[%emt 0:05:26]} Kd7 {[%emt 0:07:47]} 35. Nf6+ {[%emt 0:01:35]} Ke6 {[%emt 0:01:36]} 36. Nxg4 {[%emt 0:00:03]} f5 {[%emt 0:00:21]} 37. Rh6+ {[%emt 0:00:31]} Kd5 {[%emt 0:03:29]} 38. Nf6+ {[%emt 0:01:49]} Kxc5 {[%emt 0:00:32]} 39. Nd7+ {[%emt 0:03:33]} Kd4 {[%emt 0:01:08]} 40. Rb6 {[%emt 0:02:57]} Re7 {[%emt 0:02:15]} 41. Rxb7 {[%emt 0:01:31]} Ke3 {[%emt 0:02:43]} 42. Nc5 {[%emt 0:01:09]} Rxb7+ {[%emt 0:00:47]} 43. Nxb7 {[%emt 0:00:02]} Rxg2 {[%emt 0:00:44]} 44. Na5 {[%emt 0:00:42]} f4 {[%emt 0:04:48]} 45. Nc4+ {[%emt 0:00:04]} Ke2 {[%emt 0:00:05]} 46. Ne5 {[%emt 0:01:17]} f3 {[%emt 0:04:44]} 47. Nxf3 {[%emt 0:00:03]} Kxf3 {[%emt 0:00:05]} 48. Kc4 {[%emt 0:00:06]} Ke4 {[%emt 0:00:07]} 49. b4 {[%emt 0:00:26]} Rc2+ {[%emt 0:00:54]} 50. Kb3 {[%emt 0:01:27]} Rc8 {[%emt 0:02:00]} 51. Rg1 {[%emt 0:01:53]} Bd6 {[%emt 0:01:31]} 52. Rg6 {[%emt 0:00:44]} Kd5 {[%emt 0:00:11]} 53. Rg5+ {[%emt 0:00:22]} Be5 {[%emt 0:00:26]} 54. a5 {[%emt 0:02:04]} Rc3+ {[%emt 0:01:53]} 55. Ka4 {[%emt 0:00:02]} Rc1 {[%emt 0:00:26]} 56. Rg8 {[%emt 0:02:22]} Bd6 {[%emt 0:02:46]} 57. Ra8 {[%emt 0:01:08]} Rb1 {[%emt 0:00:30]} 58. Ka3 {[%emt 0:00:15]} Rxb4 {[%emt 0:00:15]} 59. Ka2 {[%emt 0:00:08]} Ra4+ {[%emt 0:00:08]} 60. Kb3 {[%emt 0:00:04]} Ra3+ {[%emt 0:00:18]} 61. Kb2 {[%emt 0:00:03]} Rxa5 {[%emt 0:00:13]} 62. Kb3 {[%emt 0:00:38]} Ra3+ {[%emt 0:00:42]} 63. Kb2 {[%emt 0:00:04]} a5 {[%emt 0:00:47]} 64. Ra6 {[%emt 0:00:30]} Bb4 {[%emt 0:00:15]} 65. Ra8 {[%emt 0:00:12]} Rg3 {[%emt 0:00:24]} 66. Rc8 {[%emt 0:00:11]} a4 {[%emt 0:00:59]} 67. Ra8 {[%emt 0:00:30]} Rg2+ {[%emt 0:00:07]} 68. Kb1 {[%emt 0:00:05]} Kc4 {[%emt 0:00:56]} 0-1

[Event "2nd Gujarat Open 2019"]
[Site "Ahmedabad, Gujarat"]
[Date "2019.09.29"]
[Round "10.6"]
[White "Laxman, R.R."]
[Black "Hesham, Abdelrahman"]
[Result "1-0"]
[WhiteElo "2437"]
[BlackElo "2396"]
[Annotator "ChessBase"]
[PlyCount "67"]
[EventDate "2019.09.22"]
[EventType "swiss"]
[EventCountry "IND"]
[SourceTitle "playchess.com"]
[Source "ChessBase"]
[SourceQuality "1"]
[TimeControl "5400+30"]

1. d4 {[%emt 0:00:00]} Nf6 {[%emt 0:00:07]} 2. Nf3 {[%emt 0:00:00]} g6 {[%emt 0:00:05]} 3. g3 {[%emt 0:00:41]} Bg7 {[%emt 0:00:06]} 4. Bg2 {[%emt 0:00:05]} O-O {[%emt 0:00:10]} 5. O-O {[%emt 0:00:54]} d6 {[%emt 0:00:10]} 6. b3 {[%emt 0:02:02]} b5 {[%emt 0:00:05]} 7. Bb2 {[%emt 0:00:42]} Bb7 {[%emt 0:00:09]} 8. Qd3 {[%emt 0:02:47]} a6 {[%emt 0:07:20]} 9. Nbd2 {[%emt 0:01:19]} c5 {[%emt 0:01:34]} 10. c3 {[%emt 0:09:09]} Nbd7 {[%emt 0:04:01]} 11. e4 {[%emt 0:01:12]} cxd4 {[%emt 0:03:33]} 12. cxd4 {[%emt 0:00:31]} b4 {[%emt 0:01:53]} 13. a3 {[%emt 0:01:45]} a5 {[%emt 0:00:38]} 14. axb4 {[%emt 0:01:11]} axb4 {[%emt 0:00:05]} 15. Rfc1 {[%emt 0:01:03]} d5 {[%emt 0:00:53]} 16. e5 {[%emt 0:00:53]} Ne4 {[%emt 0:01:52]} 17. Qb5 {[%emt 0:00:27]} Rb8 {[%emt 0:05:07]} 18. Qxb4 {[%emt 0:03:41]} Bh6 {[%emt 0:00:12]} 19. Rd1 {[%emt 0:02:07]} Ba6 {[%emt 0:01:31]} 20. Qa3 {[%emt 0:02:04]} Be2 {[%emt 0:01:32]} 21. Re1 {[%emt 0:00:13]} Bd3 {[%emt 0:00:06]} 22. b4 {[%emt 0:02:52]} Bc2 {[%emt 0:02:01]} 23. Nb3 {[%emt 0:02:54]} Nb6 {[%emt 0:01:56]} 24. Na5 {[%emt 0:02:41]} Nc4 {[%emt 0:01:23]} 25. Nxc4 {[%emt 0:01:01]} dxc4 {[%emt 0:00:06]} 26. Bc1 {[%emt 0:00:09]} Bxc1 {[%emt 0:07:30]} 27. Qxc1 {[%emt 0:01:18]} Bd3 {[%emt 0:01:36]} 28. Qh6 {[%emt 0:00:02]} f6 {[%emt 0:02:05]} 29. exf6 {[%emt 0:01:33]} Nxf6 {[%emt 0:01:42]} 30. Ne5 {[%emt 0:03:07]} Qxd4 {[%emt 0:03:02]} 31. Nc6 {[%emt 0:00:09]} Qb2 {[%emt 0:00:48]} 32. Nxb8 {[%emt 0:01:53]} Rxb8 {[%emt 0:03:04]} 33. Qe3 {[%emt 0:04:15]} Ng4 {[%emt 0:09:54]} 34. Qe6+ {[%emt 0:00:04]} 1-0

[Event "2nd Gujarat Open 2019"]
[Site "Ahmedabad, Gujarat"]
[Date "2019.09.29"]
[Round "10.7"]
[White "Manik, Mikulas"]
[Black "Lugovskoy, Maxim"]
[Result "0-1"]
[WhiteElo "2375"]
[BlackElo "2422"]
[Annotator "ChessBase"]
[PlyCount "68"]
[EventDate "2019.09.22"]
[EventType "swiss"]
[EventCountry "IND"]
[SourceTitle "playchess.com"]
[Source "ChessBase"]
[SourceQuality "1"]
[TimeControl "5400+30"]

1. e4 {[%emt 0:00:00]} e6 {[%emt 0:00:47]} 2. d4 {[%emt 0:00:00]} d5 {[%emt 0:00:04]} 3. Nc3 {[%emt 0:00:00]} Nf6 {[%emt 0:00:23]} 4. e5 {[%emt 0:01:55]} Nfd7 {[%emt 0:00:49]} 5. f4 {[%emt 0:03:01]} c5 {[%emt 0:00:15]} 6. Nf3 {[%emt 0:00:03]} Nc6 {[%emt 0:00:05]} 7. Be3 {[%emt 0:00:19]} Be7 {[%emt 0:00:10]} 8. Qd2 {[%emt 0:01:05]} O-O {[%emt 0:00:06]} 9. dxc5 {[%emt 0:01:49]} Nxc5 {[%emt 0:02:51]} 10. a3 {[%emt 0:02:43]} b6 {[%emt 0:08:54]} 11. Be2 {[%emt 0:08:17]} f5 {[%emt 0:01:22]} 12. exf6 {[%emt 0:02:03]} Bxf6 {[%emt 0:00:17]} 13. O-O-O {[%emt 0:08:51]} Bd7 {[%emt 0:06:08]} 14. Kb1 {[%emt 0:10:00]} Rc8 {[%emt 0:07:36]} 15. g3 {[%emt 0:13:37]} Be8 {[%emt 0:09:09]} 16. Nd4 {[%emt 0:07:48]} Bg6 {[%emt 0:09:08]} 17. f5 {[%emt 0:10:17]} Nxd4 {[%emt 0:06:07]} 18. fxg6 {[%emt 0:00:34]} Nf5 {[%emt 0:00:05]} 19. gxh7+ {[%emt 0:02:25]} Kh8 {[%emt 0:01:03]} 20. Nb5 {[%emt 0:10:09]} Ne4 {[%emt 0:02:41]} 21. Qd3 {[%emt 0:00:12]} Nxe3 {[%emt 0:05:20]} 22. Qxe3 {[%emt 0:00:30]} Bg5 {[%emt 0:00:06]} 23. Qb3 {[%emt 0:02:18]} Rf2 {[%emt 0:00:35]} 24. Bd3 {[%emt 0:04:06]} Nc5 {[%emt 0:00:06]} 25. Qb4 {[%emt 0:02:01]} Bf6 {[%emt 0:00:28]} 26. c3 {[%emt 0:02:48]} Qd7 {[%emt 0:00:36]} 27. Nd4 {[%emt 0:02:26]} e5 {[%emt 0:00:25]} 28. Bb5 {[%emt 0:01:03]} Qh3 {[%emt 0:00:13]} 29. Nb3 {[%emt 0:01:21]} a5 {[%emt 0:00:05]} 30. Nxa5 {[%emt 0:00:06]} bxa5 {[%emt 0:00:04]} 31. Qxa5 {[%emt 0:00:06]} d4 {[%emt 0:01:05]} 32. cxd4 {[%emt 0:00:42]} exd4 {[%emt 0:00:04]} 33. Rhf1 {[%emt 0:00:54]} Qf5+ {[%emt 0:01:01]} 34. Ka2 {[%emt 0:00:11]} Qd5+ {[%emt 0:00:24]} 0-1

[Event "2nd Gujarat Open 2019"]
[Site "Ahmedabad, Gujarat"]
[Date "2019.09.29"]
[Round "10.8"]
[White "Lakshmi Narayanan M V"]
[Black "Konguvel, Ponnuswamy"]
[Result "1/2-1/2"]
[WhiteElo "2188"]
[BlackElo "2374"]
[Annotator "ChessBase"]
[PlyCount "56"]
[EventDate "2019.09.22"]
[EventType "swiss"]
[EventCountry "IND"]
[SourceTitle "playchess.com"]
[Source "ChessBase"]
[SourceQuality "1"]
[TimeControl "5400+30"]

1. d4 {[%emt 0:00:00]} Nf6 {[%emt 0:00:00]} 2. c4 {[%emt 0:00:06]} g6 {[%emt 0:00:00]} 3. Nc3 {[%emt 0:00:45]} Bg7 {[%emt 0:00:09]} 4. e4 {[%emt 0:00:17]} d6 {[%emt 0:00:03]} 5. f3 {[%emt 0:00:22]} O-O {[%emt 0:00:22]} 6. Be3 {[%emt 0:00:14]} e5 {[%emt 0:00:53]} 7. d5 {[%emt 0:00:30]} c6 {[%emt 0:00:32]} 8. Qd2 {[%emt 0:01:17]} cxd5 {[%emt 0:02:56]} 9. cxd5 {[%emt 0:01:30]} Nbd7 {[%emt 0:01:42]} 10. Nh3 {[%emt 0:06:47]} a6 {[%emt 0:08:24]} 11. Nf2 {[%emt 0:03:07]} b5 {[%emt 0:02:14]} 12. g4 {[%emt 0:05:21]} Nc5 {[%emt 0:03:30]} 13. Nd3 {[%emt 0:08:53]} Nfd7 {[%emt 0:10:36]} 14. O-O-O {[%emt 0:03:42]} Qa5 {[%emt 0:16:47]} 15. Kb1 {[%emt 0:01:46]} b4 {[%emt 0:01:22]} 16. Ne2 {[%emt 0:00:51]} Nxd3 {[%emt 0:00:57]} 17. Qxd3 {[%emt 0:00:08]} Nc5 {[%emt 0:00:03]} 18. Qd2 {[%emt 0:01:35]} f5 {[%emt 0:06:21]} 19. gxf5 {[%emt 0:00:55]} gxf5 {[%emt 0:00:02]} 20. Bxc5 {[%emt 0:06:42]} Qxc5 {[%emt 0:00:54]} 21. Ng3 {[%emt 0:01:09]} fxe4 {[%emt 0:13:28]} 22. Nxe4 {[%emt 0:02:43]} Bf5 {[%emt 0:00:02]} 23. Bh3 {[%emt 0:01:44]} Bxe4+ {[%emt 0:06:04]} 24. fxe4 {[%emt 0:00:29]} Rf2 {[%emt 0:00:02]} 25. Qc1 {[%emt 0:06:13]} Bh6 {[%emt 0:12:03]} 26. Qxc5 {[%emt 0:01:37]} dxc5 {[%emt 0:00:01]} 27. Rdf1 {[%emt 0:03:31]} Rxf1+ {[%emt 0:05:23]} 28. Rxf1 {[%emt 0:00:25]} Bf4 {[%emt 0:00:02]} 1/2-1/2

[Event "2nd Gujarat Open 2019"]
[Site "Ahmedabad, Gujarat"]
[Date "2019.09.29"]
[Round "10.9"]
[White "Mehdi Hasan Parag"]
[Black "Deepan Chakkravarthy J."]
[Result "0-1"]
[WhiteElo "2183"]
[BlackElo "2539"]
[Annotator "ChessBase"]
[PlyCount "92"]
[EventDate "2019.09.22"]
[EventType "swiss"]
[EventCountry "IND"]
[SourceTitle "playchess.com"]
[Source "ChessBase"]
[SourceQuality "1"]
[TimeControl "5400+30"]

1. e4 {[%emt 0:00:00]} g6 {[%emt 0:08:06]} 2. d4 {[%emt 0:00:00]} Bg7 {[%emt 0:00:03]} 3. Nc3 {[%emt 0:00:07]} a6 {[%emt 0:00:06]} 4. f4 {[%emt 0:00:16]} b5 {[%emt 0:00:06]} 5. Nf3 {[%emt 0:00:23]} Bb7 {[%emt 0:00:03]} 6. Bd3 {[%emt 0:00:34]} d6 {[%emt 0:00:04]} 7. O-O {[%emt 0:00:42]} Nd7 {[%emt 0:00:32]} 8. a4 {[%emt 0:04:20]} c5 {[%emt 0:08:34]} 9. axb5 {[%emt 0:07:03]} cxd4 {[%emt 0:00:51]} 10. Ne2 {[%emt 0:01:00]} axb5 {[%emt 0:20:48]} 11. Rxa8 {[%emt 0:00:18]} Qxa8 {[%emt 0:00:11]} 12. Nexd4 {[%emt 0:02:47]} Bxe4 {[%emt 0:00:05]} 13. Nxb5 {[%emt 0:00:29]} Bxf3 {[%emt 0:00:05]} 14. Rxf3 {[%emt 0:04:55]} Qb8 {[%emt 0:00:04]} 15. Re3 {[%emt 0:04:43]} Ngf6 16. c4 {[%emt 0:00:58]} Nc5 {[%emt 0:10:18]} 17. Bc2 {[%emt 0:03:46]} d5 {[%emt 0:04:03]} 18. b4 {[%emt 0:00:58]} Nce4 {[%emt 0:04:03]} 19. Bb2 {[%emt 0:06:57]} Qxf4 {[%emt 0:02:07]} 20. Rf3 {[%emt 0:05:08]} Qb8 {[%emt 0:00:31]} 21. Bxe4 {[%emt 0:10:01]} dxe4 {[%emt 0:00:33]} 22. Re3 {[%emt 0:02:18]} Qf4 {[%emt 0:02:16]} 23. Qe1 {[%emt 0:12:33]} Bh6 {[%emt 0:17:51]} 24. Re2 {[%emt 0:00:17]} O-O {[%emt 0:00:09]} 25. Bxf6 {[%emt 0:00:46]} Qxf6 {[%emt 0:00:04]} 26. Rxe4 {[%emt 0:02:03]} Ra8 {[%emt 0:00:04]} 27. Nd4 {[%emt 0:01:50]} Be3+ {[%emt 0:05:07]} 28. Rxe3 {[%emt 0:00:29]} Qxd4 {[%emt 0:00:04]} 29. Qc3 {[%emt 0:02:38]} Ra1+ {[%emt 0:03:55]} 30. Kf2 {[%emt 0:00:07]} Qh4+ {[%emt 0:01:11]} 31. Rg3 {[%emt 0:08:56]} Rb1 {[%emt 0:00:04]} 32. h3 {[%emt 0:02:21]} f5 {[%emt 0:00:06]} 33. Ke2 {[%emt 0:01:52]} Qe4+ {[%emt 0:01:36]} 34. Kf2 {[%emt 0:00:12]} e5 {[%emt 0:03:12]} 35. b5 {[%emt 0:01:09]} Qf4+ {[%emt 0:03:38]} 36. Rf3 {[%emt 0:00:20]} Qh2 {[%emt 0:00:24]} 37. Qd2 {[%emt 0:01:25]} Kg7 {[%emt 0:01:56]} 38. Rd3 {[%emt 0:09:45]} Qg1+ {[%emt 0:01:16]} 39. Kg3 {[%emt 0:00:53]} f4+ {[%emt 0:00:04]} 40. Kh4 {[%emt 0:02:27]} Kh6 {[%emt 0:01:57]} 41. Rf3 {[%emt 0:01:25]} Rd1 {[%emt 0:01:19]} 42. Qf2 {[%emt 0:01:12]} Qxf2+ {[%emt 0:00:11]} 43. Rxf2 {[%emt 0:00:01]} Rd3 {[%emt 0:00:05]} 44. Rf3 {[%emt 0:00:38]} e4 {[%emt 0:00:10]} 45. Rf2 {[%emt 0:00:56]} g5+ {[%emt 0:00:07]} 46. Kg4 {[%emt 0:00:22]} Kg6 {[%emt 0:00:01]} 0-1

[Event "2nd Gujarat Open 2019"]
[Site "Ahmedabad, Gujarat"]
[Date "2019.09.29"]
[Round "10.10"]
[White "Nguyen, Van Huy"]
[Black "Thanki, Hemal Karsanji"]
[Result "1-0"]
[WhiteElo "2454"]
[BlackElo "2098"]
[Annotator "ChessBase"]
[PlyCount "99"]
[EventDate "2019.09.22"]
[EventType "swiss"]
[EventCountry "IND"]
[SourceTitle "playchess.com"]
[Source "ChessBase"]
[SourceQuality "1"]
[TimeControl "5400+30"]

1. d4 {[%emt 0:00:00]} Nf6 {[%emt 0:00:00]} 2. c4 {[%emt 0:00:04]} e6 {[%emt 0:00:00]} 3. Nf3 {[%emt 0:00:25]} c5 {[%emt 0:00:00]} 4. d5 {[%emt 0:00:28]} exd5 {[%emt 0:00:00]} 5. cxd5 {[%emt 0:00:06]} d6 {[%emt 0:00:00]} 6. Nc3 {[%emt 0:00:13]} g6 {[%emt 0:00:00]} 7. Nd2 {[%emt 0:00:49]} Nbd7 {[%emt 0:00:10]} 8. e4 {[%emt 0:01:13]} Bg7 {[%emt 0:00:04]} 9. Be2 {[%emt 0:03:40]} O-O {[%emt 0:00:07]} 10. O-O {[%emt 0:00:07]} a6 {[%emt 0:03:07]} 11. a4 {[%emt 0:00:14]} Ne5 {[%emt 0:03:24]} 12. f4 {[%emt 0:03:25]} Neg4 {[%emt 0:00:50]} 13. Nc4 {[%emt 0:00:33]} Re8 {[%emt 0:00:58]} 14. h3 {[%emt 0:03:41]} Nxe4 {[%emt 0:03:25]} 15. Bxg4 {[%emt 0:02:02]} Bd4+ {[%emt 0:04:06]} 16. Kh2 {[%emt 0:01:01]} Nf2 {[%emt 0:04:08]} 17. Rxf2 {[%emt 0:00:14]} Bxf2 {[%emt 0:00:03]} 18. Qf3 {[%emt 0:03:36]} Bd4 {[%emt 0:19:49]} 19. Bxc8 {[%emt 0:00:52]} Rxc8 {[%emt 0:02:50]} 20. Bd2 {[%emt 0:01:20]} f5 {[%emt 0:04:10]} 21. a5 {[%emt 0:00:27]} Rc7 {[%emt 0:01:28]} 22. Ra3 {[%emt 0:02:18]} Rd7 {[%emt 0:07:06]} 23. Rb3 {[%emt 0:03:11]} Bxc3 {[%emt 0:02:21]} 24. Bxc3 {[%emt 0:02:50]} Re4 {[%emt 0:00:11]} 25. Nd2 {[%emt 0:00:35]} Ra4 {[%emt 0:05:38]} 26. Qf2 {[%emt 0:05:23]} Qf8 {[%emt 0:08:06]} 27. Rb6 {[%emt 0:01:06]} Qf7 {[%emt 0:13:12]} 28. Qe3 {[%emt 0:01:48]} Re7 {[%emt 0:01:20]} 29. Qf3 {[%emt 0:00:43]} Rd7 {[%emt 0:01:11]} 30. b3 {[%emt 0:04:58]} Ra2 {[%emt 0:00:53]} 31. Nc4 {[%emt 0:00:17]} Qe7 {[%emt 0:00:52]} 32. Bb2 {[%emt 0:01:22]} Qe4 {[%emt 0:01:44]} 33. Qxe4 {[%emt 0:00:44]} fxe4 {[%emt 0:00:02]} 34. Kg3 {[%emt 0:00:44]} Kf8 {[%emt 0:02:14]} 35. Kf2 {[%emt 0:00:50]} Ke7 {[%emt 0:00:10]} 36. Ke3 {[%emt 0:00:58]} Kd8 {[%emt 0:01:25]} 37. g4 {[%emt 0:00:52]} Kc7 {[%emt 0:00:37]} 38. f5 {[%emt 0:00:39]} gxf5 {[%emt 0:01:30]} 39. gxf5 {[%emt 0:00:04]} Rxa5 {[%emt 0:00:30]} 40. Rxb7+ {[%emt 0:00:30]} Kxb7 {[%emt 0:00:30]} 41. Nxa5+ {[%emt 0:00:30]} Kc8 {[%emt 0:00:33]} 42. Nc4 {[%emt 0:00:00]} Kd8 {[%emt 0:01:05]} 43. Kxe4 {[%emt 0:00:00]} Ke8 {[%emt 0:00:08]} 44. f6 {[%emt 0:00:00]} Kf7 {[%emt 0:01:02]} 45. Kf5 {[%emt 0:00:00]} Rd8 {[%emt 0:01:20]} 46. Bc1 {[%emt 0:00:23]} Kg8 {[%emt 0:04:24]} 47. Bf4 {[%emt 0:00:23]} Rb8 {[%emt 0:00:17]} 48. Nxd6 {[%emt 0:00:12]} c4 {[%emt 0:01:58]} 49. bxc4 {[%emt 0:00:21]} Ra8 {[%emt 0:00:41]} 50. Bh6 {[%emt 0:00:18]} 1-0

[Event "2nd Gujarat Open 2019"]
[Site "Ahmedabad, Gujarat"]
[Date "2019.09.29"]
[Round "10.11"]
[White "Abu Sufian, Shakil"]
[Black "Neelotpal, Das"]
[Result "1/2-1/2"]
[WhiteElo "2255"]
[BlackElo "2433"]
[Annotator "ChessBase"]
[PlyCount "66"]
[EventDate "2019.09.22"]
[EventType "swiss"]
[EventCountry "IND"]
[SourceTitle "playchess.com"]
[Source "ChessBase"]
[SourceQuality "1"]
[TimeControl "5400+30"]

1. e4 {[%emt 0:00:00]} c6 {[%emt 0:00:00]} 2. d4 {[%emt 0:00:00]} d5 {[%emt 0:00:00]} 3. Nc3 {[%emt 0:00:34]} dxe4 {[%emt 0:00:00]} 4. Nxe4 {[%emt 0:00:04]} Nf6 {[%emt 0:00:00]} 5. Nxf6+ {[%emt 0:00:12]} exf6 {[%emt 0:00:00]} 6. c3 {[%emt 0:01:13]} Bd6 {[%emt 0:00:06]} 7. Bd3 {[%emt 0:00:10]} O-O {[%emt 0:00:05]} 8. Qc2 {[%emt 0:01:11]} Re8+ {[%emt 0:00:08]} 9. Ne2 {[%emt 0:00:08]} h6 {[%emt 0:03:33]} 10. Be3 {[%emt 0:00:49]} Qc7 {[%emt 0:04:03]} 11. O-O-O {[%emt 0:04:00]} Be6 {[%emt 0:10:06]} 12. c4 {[%emt 0:07:47]} Na6 {[%emt 0:02:07]} 13. a3 {[%emt 0:00:35]} Rac8 {[%emt 0:14:57]} 14. Kb1 {[%emt 0:03:14]} Qb8 {[%emt 0:02:56]} 15. h3 {[%emt 0:06:58]} b5 {[%emt 0:01:03]} 16. c5 {[%emt 0:00:32]} Bf8 {[%emt 0:00:04]} 17. Bf4 {[%emt 0:00:47]} Qb7 {[%emt 0:01:48]} 18. Nc3 {[%emt 0:00:46]} Nc7 {[%emt 0:00:47]} 19. Bxc7 {[%emt 0:00:30]} Rxc7 {[%emt 0:00:46]} 20. b4 {[%emt 0:00:42]} Rd8 {[%emt 0:05:30]} 21. f4 {[%emt 0:15:20]} a5 {[%emt 0:06:13]} 22. f5 {[%emt 0:01:03]} Bc4 {[%emt 0:05:39]} 23. Be4 {[%emt 0:00:22]} axb4 {[%emt 0:01:16]} 24. axb4 {[%emt 0:00:05]} Rcd7 {[%emt 0:00:20]} 25. Qf2 {[%emt 0:00:59]} Be7 {[%emt 0:08:24]} 26. Kb2 {[%emt 0:00:56]} Ra8 {[%emt 0:03:45]} 27. Ra1 {[%emt 0:00:55]} Bd8 {[%emt 0:01:22]} 28. Rxa8 {[%emt 0:01:13]} Qxa8 {[%emt 0:00:04]} 29. Ra1 {[%emt 0:00:05]} Qb7 {[%emt 0:00:13]} 30. Rd1 {[%emt 0:00:42]} Qa6 {[%emt 0:06:15]} 31. Ra1 {[%emt 0:01:39]} Qc8 {[%emt 0:04:19]} 32. g4 {[%emt 0:00:41]} Be7 {[%emt 0:03:06]} 33. Rd1 {[%emt 0:08:12]} Ra7 {[%emt 0:02:56]} 1/2-1/2

[Event "2nd Gujarat Open 2019"]
[Site "Ahmedabad, Gujarat"]
[Date "2019.09.29"]
[Round "10.12"]
[White "Murshed, Niaz"]
[Black "Katdare, Jayant C"]
[Result "1-0"]
[WhiteElo "2405"]
[BlackElo "2046"]
[Annotator "ChessBase"]
[PlyCount "65"]
[EventDate "2019.09.22"]
[EventType "swiss"]
[EventCountry "IND"]
[SourceTitle "playchess.com"]
[Source "ChessBase"]
[SourceQuality "1"]
[TimeControl "5400+30"]

1. d4 {[%emt 0:00:00]} Nf6 {[%emt 0:00:00]} 2. c4 {[%emt 0:00:00]} e6 {[%emt 0:00:05]} 3. Nf3 {[%emt 0:00:07]} d5 {[%emt 0:00:17]} 4. g3 {[%emt 0:01:52]} Bb4+ {[%emt 0:00:36]} 5. Bd2 {[%emt 0:00:06]} Be7 {[%emt 0:00:08]} 6. Bg2 {[%emt 0:00:16]} O-O {[%emt 0:01:01]} 7. O-O {[%emt 0:01:53]} c6 {[%emt 0:00:30]} 8. Qc2 {[%emt 0:00:30]} b6 {[%emt 0:01:12]} 9. Rd1 {[%emt 0:05:38]} Bb7 {[%emt 0:00:20]} 10. b3 {[%emt 0:02:12]} Na6 {[%emt 0:03:16]} 11. Nc3 {[%emt 0:02:48]} Rc8 {[%emt 0:06:48]} 12. a3 {[%emt 0:04:29]} c5 {[%emt 0:14:42]} 13. Nb5 {[%emt 0:12:18]} Ra8 {[%emt 0:03:12]} 14. Bf4 {[%emt 0:04:13]} Nh5 {[%emt 0:01:12]} 15. Be3 {[%emt 0:05:57]} Nc7 {[%emt 0:11:34]} 16. Nc3 {[%emt 0:10:47]} Rc8 {[%emt 0:12:11]} 17. dxc5 {[%emt 0:04:11]} bxc5 {[%emt 0:00:41]} 18. Ne5 {[%emt 0:01:51]} Bd6 {[%emt 0:07:44]} 19. f4 {[%emt 0:09:46]} Nf6 {[%emt 0:01:02]} 20. h3 {[%emt 0:10:59]} Qe7 {[%emt 0:02:54]} 21. Bf2 {[%emt 0:02:07]} Rfd8 {[%emt 0:02:22]} 22. Ng4 {[%emt 0:02:25]} Ne4 {[%emt 0:05:38]} 23. cxd5 {[%emt 0:00:06]} exd5 {[%emt 0:05:14]} 24. Nxe4 {[%emt 0:00:13]} dxe4 {[%emt 0:00:03]} 25. Ne3 {[%emt 0:00:11]} g6 {[%emt 0:00:54]} 26. Nc4 {[%emt 0:00:44]} Ne6 {[%emt 0:09:28]} 27. e3 {[%emt 0:01:38]} f5 {[%emt 0:00:59]} 28. Be1 {[%emt 0:00:06]} Nd4 29. exd4 {[%emt 0:03:57]} cxd4 {[%emt 0:03:10]} 30. Qb2 {[%emt 0:00:42]} Bc5 {[%emt 0:01:32]} 31. b4 {[%emt 0:01:16]} d3+ {[%emt 0:00:14]} 32. bxc5 {[%emt 0:00:11]} Qxc5+ {[%emt 0:01:28]} 33. Bf2 {[%emt 0:00:14]} 1-0